Nové skupiny antidiabetik

Jazyk: Čeština
Vydáno: Semily : Geum, 2017
Témata:
Fyzický popis: 1 plakát : barevný ; 43 x 60 cm
Grafika
Uloženo v:
LEADER 01124nkm a2200361 i 4500
001 001603378
003 CZ BrMZK
005 20171127064842.0
007 kf co
008 171109s2017 xr nnn kncze
040 |a BOA001  |b cze  |e rda 
043 |a e-xr--- 
045 |a y1y1 
072 7 |a 615  |x Farmacie. Farmakologie  |2 Konspekt  |9 14 
080 |a 616.379-008.64-052  |2 MRF 
080 |a 615.2/.45  |2 MRF 
080 |a (437.3)  |2 MRF 
080 |a (084.5)659.1  |2 MRF 
245 0 0 |a Nové skupiny antidiabetik 
264 1 |a Semily :  |b Geum,  |c 2017 
300 |a 1 plakát :  |b barevný ;  |c 43 x 60 cm 
336 |a statický obraz  |b sti  |2 rdacontent 
337 |a bez média  |b n  |2 rdamedia 
338 |a list  |b nb  |2 rdacarrier 
648 4 |a 2017 
648 7 |a 21. století  |7 ch460559  |2 czenas 
650 0 7 |a diabetici  |7 ph134755  |2 czenas 
650 0 7 |a léčiva  |7 ph122531  |z Česko  |y 21. století  |2 czenas 
655 7 |a reklamní plakáty  |7 fd133246  |2 czenas 
910 |a BOA001  |b 4-1396.970 
990 |a GP 
991 |b 201711  |c NOV 
996 6 |b 2610725131  |c 4-1396.970  |l MZK  |r Sklad / do 1 hodiny  |n 0  |p p.v.  |w 001639651  |u 000010  |a 1  |e BOA001  |j MZK50  |s P